000
00274nam a22000977a 4500
005
20250901165403.0
008
210319b ||||| |||| 00| 0 eng d
050
_a
PE1111 .D66 1937
245
_a
ESSENTIALS OF ELEMENTARY ENGLISH SEVENTH YEAR
_c
SISTERS OF ST. DOMINIC
942
_2
lcc
999
_c
3135
_d
3135